| 000 | 00422nam a22001577a 4500 | ||
|---|---|---|---|
| 005 | 20170915172025.0 | ||
| 008 | 170915b xxu||||| |||| 00| 0 eng d | ||
| 020 | _a978-93-272-8144-6 | ||
| 041 | _aeng | ||
| 082 | _a336.294 | ||
| 100 |
_aTULI, ARVIND AND CHADHA, NEERU _93918 |
||
| 245 |
_aDIRECT TAX LAW _cARVIND TULI AND NEERU CHADHA |
||
| 260 |
_aLUDHIYANA _bKALYANI PUBLISHERS _c2014 |
||
| 300 | _a10.15p, | ||
| 942 | _cBK | ||
| 999 |
_c5559 _d5557 |
||